00357pab a2200121 454500008003600000100001900036245004300055362002200098650003100120650003000151650003400181773002000215180718b xxu||||| |||| 00| 0 eng d aNarayanan V.N. aEconomic reforms : wanted a human mask a16 Dec 1994, p.13 a Economic Reforms -- India a India -- Economic Policy aEconomic Development -- India aHindustan Times